000 00209 a2200097 4500
001 26636
100 _aMcGraw-Hill
245 _aLeadership motivation
260 _a
_bM.I.T press
_c1974
090 _c17929
_d17929
942 _aNUST-CAE
_cM
_c8812
999 _c261709
_d261709